000 01086cam a2200301 a 4500
001 17249300
003 ARRUPE
005 20160414153529.0
008 120410s2013 nyu b 001 0 eng
010 _a 2012012032
020 _a9780199759996 (hardcover : alk. paper)
040 _aDLC
_cDLC
_dDLC
042 _apcc
050 0 0 _aBL65.V55
_bO94 2013
082 0 0 _a201/.76332
_223
245 0 4 _aThe Oxford handbook of religion and violence /
_cedited by Mark Juergensmeyer, Margo Kitts, and Michael Jerryson.
246 3 0 _aHandbook of religion and violence
260 _aNew York :
_bOxford University Press,
_cc2013.
300 _axiii, 653 p. ;
_c26 cm.
504 _aIncludes bibliographical references and index.
650 0 _aViolence
_xReligious aspects.
_923841
700 1 _aJuergensmeyer, Mark.
_923842
700 1 _aKitts, Margo,
_d1952-
_923843
700 1 _aJerryson, Michael K.
_923844
906 _a7
_bcbc
_corignew
_d1
_eecip
_f20
_gy-gencatlg
942 _2lcc
_cMONOGRAPH
999 _c124622
_d124622